Сфинкс (Запись № 12365529)

Подробности
000 -МАРКЕР
контрольное поле 02970ncm0a2200469 4500
001 - ИДЕНТИФИКАТОР ЗАПИСИ
контрольное поле RU\NLR\ONIZ\304080
005 - ИДЕНТИФИКАТОР ВЕРСИИ
контрольное поле 20250625182415.0
035 ## - ДРУГИЕ СИСТЕМНЫЕ НОМЕРА
Идентификатор записи (NLR Aleph) 022274367
071 20 - ИЗДАТЕЛЬСКИЙ НОМЕР
Номер, присвоенный агентством Зак. 2243
100 ## - ДАННЫЕ ОБЩЕЙ ОБРАБОТКИ
Данные общей обработки 20240418f19271937|||y0rusy50 ca
101 0# - ЯЗЫК РЕСУРСА
Язык текста, звукозаписи и т.д. русский
102 ## - СТРАНА ПУБЛИКАЦИИ ИЛИ ПРОИЗВОДСТВА
Страна публикации российская федерация
125 ## - ПОЛЕ КОДИРОВАННЫХ ДАННЫХ: ЗВУКОЗАПИСИ И НОТНЫЕ ИЗДАНИЯ
Форма изложения нотного текста a|
128 ## - ПОЛЕ КОДИРОВАННЫХ ДАННЫХ: МУЗЫКАЛЬНАЯ ФОРМА, ТОНАЛЬНОСТЬ И ЛАД
Музыкальная форма fox
145 0# - ПОЛЕ КОДИРОВАННЫХ ДАННЫХ: СРЕДСТВО ИСПОЛНЕНИЯ МУЗЫКАЛЬНОГО ПРОИЗВЕДЕНИЯ (УСТАРЕВШЕЕ)
Тип средства исполнения b
200 1# - ЗАГЛАВИЕ И СВЕДЕНИЯ ОБ ОТВЕТСТВЕННОСТИ
Основное заглавие Сфинкс
Общее обозначение материала Ноты
Сведения, относящиеся к заглавию вставной номер из оперетты "Белая моль" А. Ашкенази, слова В. Ленского
-- [для фортепиано]
Первые сведения об ответственности муз. А. Лэн
203 ## - ВИД СОДЕРЖАНИЯ И ТИП СРЕДСТВА
Вид содержания Музыка
Дополнительные сведения об издании знаковая
-- визуальная
Тип средства непосредственная
210 ## - ПУБЛИКАЦИЯ, РАСПРОСТРАНЕНИЕ И ДР.
Место издания, распространения и т.д. Ленинград
Имя издателя, распространителя и т. д. издание автора [А. Лэн]
-- Ленинградский гублит
Имя изготовителя Нотопечатня "Ленинградская правда"
Место изготовления Ленинград
Дата издания, распространения и т.д. [после 1927]
215 ## - ФИЗИЧЕСКАЯ ХАРАКТЕРИСТИКА
Специфическое обозначение материала и объем 5 с.
Другие сведения о физической характеристике цв. ил.
Размеры 36 см
300 ## - ОБЩИЕ ПРИМЕЧАНИЯ
Текст примечания Перед нот. текстом: Посвящается моему другу Полю Марсель
300 ## - ОБЩИЕ ПРИМЕЧАНИЯ
Текст примечания На тит. л. ил.: изобр. сфинкс и девушка в мехах
300 ## - ОБЩИЕ ПРИМЕЧАНИЯ
Текст примечания На тит. л. сигнатура художника: "Б" в трапеции
313 ## - ПРИМЕЧАНИЯ, ОТНОСЯЩИЕСЯ К ТЕМАТИЧЕСКОМУ ДОСТУПУ
Текст примечания Систематизация документа проведена по изданию - Методика классифицирования музыкальных произведений (нотных изданий) по таблицам Библиотечно-библиографических классификаций : метод. рекомендации / Гос. б-ка СССР им. В.И. Ленина.- М., 1977. Индексу ББК методических рекомендаций присваивается код ББК для научных библиотек - LBC/SL
606 1# - НАИМЕНОВАНИЕ ТЕМЫ КАК ПРЕДМЕТ
Наименование темы Эстрадная музыка советская
Хронологический подзаголовок 20 век
Формальный подзаголовок Ноты
Код системы nlr_sh
606 1# - НАИМЕНОВАНИЕ ТЕМЫ КАК ПРЕДМЕТ
Наименование темы Музыкальные произведения для фортепиано
Географический подзаголовок СССР
Хронологический подзаголовок 20 в.
Формальный подзаголовок Ноты
Код системы nlr_sh
606 1# - НАИМЕНОВАНИЕ ТЕМЫ КАК ПРЕДМЕТ
Наименование темы Фокстроты для фортепиано
Географический подзаголовок СССР
Формальный подзаголовок Ноты
Код системы nlr_sh
686 0# - ИНДЕКСЫ ДРУГИХ КЛАССИФИКАЦИЙ
Индекс Щ954.2-085(2)
700 #1 - ИМЯ ЛИЦА - ПЕРВИЧНАЯ ОТВЕТСТВЕННОСТЬ
Системный номер авторитетной/нормативной записи z01790
Начальный элемент ввода Лэн
Часть имени, кроме начального элемента ввода А.
Даты кон. 19 - нач. 20 в.
Код отношения Композитор
Графика поля Кириллица
702 #1 - ИМЯ ЛИЦА - ВТОРИЧНАЯ ОТВЕТСТВЕННОСТЬ
Системный номер авторитетной/нормативной записи z02790
Начальный элемент ввода Ашкенази
Часть имени, кроме начального элемента ввода А. А.
Даты 1895-1983
Расширение инициалов личного имени Абрам Абрамович
Код отношения Прочие
-- Композитор
Графика поля Кириллица
702 #1 - ИМЯ ЛИЦА - ВТОРИЧНАЯ ОТВЕТСТВЕННОСТЬ
Системный номер авторитетной/нормативной записи z03790
Начальный элемент ввода Ленский
Часть имени, кроме начального элемента ввода В. Я.
Даты 1887–1932
Расширение инициалов личного имени Владимир Яковлевич
Код отношения Автор <книги> оперы, балета или другого музыкального произведения
Графика поля Кириллица
790 #1 - ИМЯ ЛИЦА - АЛЬТЕРНАТИВНАЯ ФОРМА
Системный номер авторитетной/нормативной записи z01700
Начальный элемент ввода Lêm
Часть имени, кроме начального элемента ввода A.
Даты кон. 19 - нач. 20 в.
Код отношения Композитор
Графика поля Латинская
790 #1 - ИМЯ ЛИЦА - АЛЬТЕРНАТИВНАЯ ФОРМА
Системный номер авторитетной/нормативной записи z02702
Начальный элемент ввода Aškenazi
Часть имени, кроме начального элемента ввода A. A.
Даты 1895-1983
Расширение инициалов личного имени Abram Abramovič
Код отношения Прочие
-- Композитор
Графика поля Латинская
790 #0 - ИМЯ ЛИЦА - АЛЬТЕРНАТИВНАЯ ФОРМА
Системный номер авторитетной/нормативной записи z03702
Начальный элемент ввода В. Ленский
Дополнения к именам, кроме дат псевдоним
Даты 1887–1932
Код отношения Автор <книги> оперы, балета или другого музыкального произведения
Графика поля Кириллица
801 #0 - ИСТОЧНИК ЗАПИСИ
Страна российская федерация
Организация NLR
Дата составления 20240418
Правила каталогизации PSBO
801 #1 - ИСТОЧНИК ЗАПИСИ
Страна российская федерация
Организация NLR
Дата составления 20240418
Источник данных rusmarc
801 #2 - ИСТОЧНИК ЗАПИСИ
Страна российская федерация
Организация NLR
Дата составления 20240418
852 ## - МЕСТОНАХОЖДЕНИЕ И ШИФР ХРАНЕНИЯ
Идентификатор организации NLR
Наименование фонда или коллекции (Sub-Location Identifier) М
Шифр хранения (Call Number) К-4/6536
Страна
Номер экземпляра 1
942 ## - ДОПОЛНИТЕЛЬНЫЕ ЭЛЕМЕНТЫ ЗАПИСИ (АБИС)
Тип экземпляра АБИС Ноты
980 ## - КОЛЛЕКЦИЯ
Название коллекции Национальная библиография
980 ## - КОЛЛЕКЦИЯ
Название коллекции Отдел нот и звукозаписей
Экземпляры
Тип экземпляра Дата поступления Библиотека постоянного хранения Библиотека текущего хранения Место хранения Шифр хранения Статус не для выдачи
Ноты 18.04.2024 РНБ (Московский) РНБ (Московский) Фонд нот и звукозаписей К-4/6536 К-4/6536